000 00686nam a2200217Ii 4500
003 JO-AjNU
008 230606s9999||||xx |||||||||||||| ||und||
020 _a978-1-138-91176-5/9781-138-91177-2/978-1-315-69238-8
040 _aJO-AjNU
_beng
_erda
_cJO-AjNU
041 _aeng
050 1 4 _aP99.4.P72.C86.2018
100 3 _a CULPEPER,JONATHAN /ALISON MACKEY AND NAOKO TAGUCHI ,
_eauthor
_96019
245 0 0 _aSECOND LANGUAGE PRAGMATICS: From Throry to Reseach
250 _a1 ed
264 3 1 _aNew York: Routledge, 2018
300 _a237p
336 _atext
_btxt
_2rdacontent
337 _aunmediated
_bn
_2rdamedia
338 _avolume
_bnc
_2rdacarrier
650 4 _a Teaching
_96020
999 _aE3122
_c3119
_d3119